000 00206nam a2200097Ia 4500
008 240331s9999 xx 000 0 und d
082 _bMAT
100 _aMathusudan, T
245 0 _aNadanthai Vaali
942 _cL
999 _c5740
_d5740